00702nam a2200241 a 4500001001300000003000900013005001700022008004100039020000900080082001500089100002200104245003700126260005500163300000900218500003500227505001000262650002000272700002200292902000800314942000700322952011400329999001700443nice12345678IN_TiNIC20260116013548.0050524s1998 bana grp 000 0 eng  ac4000a492.4bMAR aMartin, Raymond A aIntroduction to Biblical Hebrew. aBangalorebTheological Publications in Indiac1998 a168p aincludes index and biblioraphy2 aIndex aHebrew-Biblical1 aMartin, Raymond A bSRS cBK 001040708StackRoom-aHMIbHMId2007-06-12g40.00l0o492.4 MARp019718r2007-06-12v40.00w2005-05-24yBK c11478d11478